000 01164cam a2200361 4500
005 20260322212038.0
008 data
010 _a 73004150
020 _a0060118989
020 _a9780060118983
040 _aDLC
_cDLC
_dOCoLC
_dOCoLC
043 _an-ust--
050 0 0 _aPS3558.I45
_bDan
_aPS3558.I45
082 0 0 _a813/.5/4
100 1 _aHillerman, Tony.
245 1 0 _aDance hall of the dead.
_cTony Hillerman.
250 _a[1st ed.]
260 _aNew York,
_bHarper & Row
_c[1973]
300 _a166 p.
_c21 cm.
350 _a{dollar}5.95
500 _a"A Joan Kahn-Harper novel of suspense."
650 0 _aLeaphorn, Joe, Lt. (Fictitious character)
_xFiction.
650 0 _aChee, Jim (Fictitious character)
_xFiction.
650 0 _aPolice
_zSouthwestern States
_xFiction.
650 0 _aIndian reservation police
_vFiction.
650 0 _aNavajo Indians
_xFiction.
651 0 _aSouthwestern States
_xFiction.
655 7 _aDetective and mystery stories.
_2gsafd
906 _a7
_bcbc
_corignew
_d1
_eocip
_f19
_gy-gencatlg
991 _bc-GenColl
_hPZ4.H65
_iDan
_tCopy 1
_wBOOKS
991 _bc-GenColl
_hPZ4.H65
_iDan
_p00000750244
_tCopy 2
_wCCF
001 data
999 _c885
_d885